Contemporary Dynamics of Economic Thinking and the Czecho-Slovak Economic Reform

Gespeichert in:
Bibliographische Detailangaben
Format: Buch
Sprache:Englisch
Veröffentlicht: Bratislava Nezes 1992
Ausgabe:1. ed.
Schlagworte:
Tags: Tag hinzufügen
Keine Tags, Fügen Sie das erste Tag hinzu!

MARC

LEADER 00000nam a2200000 4500
001 c004739
005 20221128072619.3
020 |a 80-900524-6-0 
041 0 |a eng 
044 |a SK 
245 1 0 |a Contemporary Dynamics of Economic Thinking and the Czecho-Slovak Economic Reform 
250 |a 1. ed. 
264 1 |a Bratislava  |b Nezes  |c 1992 
300 |a 99 s. 
610 2 0 |a reformy hospodárske 
610 2 0 |a ČSFR 
610 2 0 |a myslenie ekonomické 
610 2 0 |a synergia 
610 2 0 |a hospodárstvo trhové 
610 2 0 |a konkurencia 
610 2 0 |a regionalizácia 
610 2 0 |a privatizácia 
610 2 0 |a únie menové 
610 2 0 |a Európa 
610 2 0 |a Slovensko 
610 2 0 |a politika fiškálna 
610 2 0 |a vzťahy hospodárske medzinárodné 
610 2 0 |a transformácia 
610 2 0 |a stredná Európa 
610 2 0 |a Japonsko